General Knowledge - Statistics

General Stats
  • This quiz has been taken 20 times
  • The average score is 7 of 15
Answer Stats
Hint Answer % Correct
Weighing around eight pounds, this is the human body's largest organ? The Skin
88%
What is the only food that can never go bad? Honey
75%
What was the first animal to ever be cloned? Sheep
75%
Jim Henson is the creator of what beloved cast of characters? The Muppets
75%
What is the only planet in our solar system to rotate clockwise on its axis? Venus
75%
According to Guinness World Records, what's the best-selling book of all time? The Bible
63%
Nearly all fossils are preserved in what type of rock? Sedimentary
56%
What is the name for the plastic or metal tube found on the ends of shoelaces? An Aglet
38%
In human anatomy, what does the “hallux” refer to? The Big Toe
38%
What is the only U.S. state that can be typed in using only one row of a standard “QWERTY” keyboard? Alaska
31%
What sport was featured on the first curved U.S. coin in 2014? Baseball
31%
What do you call a group of flamingos? A Flamboyance
19%
M&M’S Fruit Chews would eventually become what popular candy? Starbursts
6%
Relative to the internet, what does “URL” stand for? Uniform resource locator
6%
What do you call the visible part of the rivet commonly found on the pockets of jeans? The Burr
0%
No matching quizzes found
Score Distribution
Percent of People with Each Score
Percentile by Number Answered
Your Score History
You have not taken this quiz